1003 1657 1735 1352 1667 1423 1782 1719 1353 1944 1025 1688 1512 1682 1370 1341 1473 1320 1144 1360 1115 1571 1692 1499 1567 1002 1958 1612 1135 1363 1429 1880 1703 1108 1871 1659 1252 1884 1520 1989 1826 1680 1682 1252 1585 1323 1321 1916 1401 1871 1492 1258 1759 1689 1524 1366 1670 1132 1338 1169 1001 1938 1695 1346 1876 1368 1746 1113 1768 1783 1481 1641 1194 1502 1159 1456 1164 1483 1245 1955 1044 1490 1950 1295 1406 1009 1226 1037 1425 1954 1211 1745 1804 1233 1055 1170 1511 1892 1264 BCNSPRNW ULIB Ver.6.0+V

เปลี่ยนเป็นภาษาไทย

Change to English
 แสดงรายละเอียดบรรณานุกรม
  กลับหน้าหลัก

Brief Record : Get Marc (ISO 2709) : E-mail record : QR code < ปิดหน้าต่าง
LEADER : 00000nam 2200000uu 4500
001    13399124847
003     ULIB
008    160408s2558||||th 000 0 tha d
020    ^a9786163826947
060 04 ^aW50^bส283
100 0  ^aสมศักดิ์ โล่ห์เลขา
245 10 ^aทำไมแพทย์จึงถูกลงโทษ :^bบทเรียนจากคดีจริยธรรมแพทยสภา /^cโดย สมศักดิ์ โล่ห์เลขา
246 14 ^aทำไม?แพทย์จึงถูกลงโทษ :^bบทเรียนจากคดีจริยธรรมแพทยสภา
250    ^aพิมพ์ครั้งที่ 1
260    ^aนนทบุรี :^bแพทยสภา,^c2558
300    ^a167 หน้า ;^c26 ซม.
650  4 ^aจรรยาแพทย์^zไทย
710 2  ^aแพทยสภา
945    ^p250^l0^i23346
945    ^p250^l0^i23347
945    ^p250^l0^i23348
945    ^p250^l0^i23349
945    ^p250^l0^i23350
999    ^aทศพร เกษรทอง
รายการนี้ยังไม่มีแท็ก
คุณยังไม่ได้ล็อกอิน คุณสามารถมีกิจกรรมร่วมกับเว็บไซต์ได้ แต่ต้องล็อกอินก่อน ::
  ล็อกอิน

รายการสื่อสารสนเทศ

ลำดับที่ ประเภท เลขเรียก/บาร์โค้ด สถานที่ สถานะ
1. วิทยาศาสตร์การแพทย์ และสุขภาพ
วิทยาศาสตร์การแพทย์ และสุขภาพ
สถานะ=หนังสือเก่า
W50 ส283 ฉ.1 
  Barcode: 23346
ห้องสมุดวิทยาเขตนครสวรรค์
►ส่วนจัดเก็บหนังสือเก่า นว.
บนชั้น
  ขอยืม
2. วิทยาศาสตร์การแพทย์ และสุขภาพ
วิทยาศาสตร์การแพทย์ และสุขภาพ
สถานะ=หนังสือเก่า
W50 ส283 ฉ.2 
  Barcode: 23347
ห้องสมุดวิทยาเขตนครสวรรค์
►ส่วนจัดเก็บหนังสือเก่า นว.
บนชั้น
  ขอยืม
3. วิทยาศาสตร์การแพทย์ และสุขภาพ
วิทยาศาสตร์การแพทย์ และสุขภาพ
สถานะ=หนังสือเก่า
W50 ส283 ฉ.3 
  Barcode: 23348
ห้องสมุดวิทยาเขตนครสวรรค์
►ส่วนจัดเก็บหนังสือเก่า นว.
บนชั้น
  ขอยืม
4. วิทยาศาสตร์การแพทย์ และสุขภาพ
วิทยาศาสตร์การแพทย์ และสุขภาพ
สถานะ=หนังสือเก่า
W50 ส283 ฉ.4 
  Barcode: 23349
ห้องสมุดวิทยาเขตนครสวรรค์
►ส่วนจัดเก็บหนังสือเก่า นว.
บนชั้น
  ขอยืม
5. วิทยาศาสตร์การแพทย์ และสุขภาพ
วิทยาศาสตร์การแพทย์ และสุขภาพ
สถานะ=หนังสือเก่า
W50 ส283 ฉ.5 
  Barcode: 23350
ห้องสมุดวิทยาเขตนครสวรรค์
►ส่วนจัดเก็บหนังสือเก่า นว.
บนชั้น
  ขอยืม

รายการใกล้เคียง
    ผู้แต่ง [สมศักดิ์ โล่ห์เลขา]

BibComment


ยังไม่เคยถูกคอมเมนท์

คอมเมนท์ทรัพยากรรายการนี้
  คอมเมนท์: ทำไมแพทย์จึงถูกล..


 Copyright 2026. Bcnsprnw @Library